000 00686nam a2200217Ia 4500
005 20250508164657.0
008 008 250505s9999 xx 000 0 eng d
020 _a978-0-7619-3573-5
037 _aTextual
040 _aFEDL
_beng
_cFEDL
041 _aeng
_2eng
084 _a418, PUR
_qFEDL
100 _aPurcell-Gates Victoria Ed.
_9778843
245 0 _aCultural practices of literacy : Case studies of language, literacy, social practice, and power
260 _aLondon, UK
_bLawrence Erlbaum Associates, Publishers
_c2007
300 _axi,241p.
365 _aGBP
_b19.99
650 _aSociolinguistics
942 _cTEXL
_h418, PUR
999 _c1390495
_d1390495